Statistics for 10 Youngest Pro-Bowlers to die

Click here to take the quiz!

General Stats

  • This quiz has been taken 6 times
  • The average score is 4 of 10

Answer Stats

AgeYODCausePlayer% Correct
271992Car AccidentJerome Brown
83%
242007MurderedSean Taylor
83%
312000Abdominal CancerEric Turner
50%
241983DrowningJoe Delaney
50%
292005Car AccidentDarrell Russell
33%
311963Heroin OverdoseGene Lipscomb
33%
251965Massive EmbolismMack Lee Hill
33%
301966Car AccidnetDick Christy
17%
291969Pulmonary EmbolismFrank Buncom
17%
291964Car AccidentWillie Gallimore
17%

Score Distribution

Percentile by Number Answered

Percent of People with Each Score

Your Score History

You have not taken this quiz